000 00347nam a2200157Ia 4500
008 230312s9999||||xx |||||||||||||| ||und||
020 _a9781608314126
082 _a574
_bHAR-B
100 _aHarvey,Richard
245 0 _aBiochemistry
260 _bLWW
_c2008
300 _a520
546 _aEng.
650 _aMedical
_vbiochemistry
942 _cBK
999 _c5056
_d5056